000 00499nam a2200181 i 4500
001 94608
003 ES-MaACL
005 20230906181523.0
007 t|
008 050510s1955 mx ||||1| spa d
080 _a821.133.1-31"18"
100 1 _aLouys, Pierre.
_9139378
245 1 3 _aLa mujer y el títere /
_cPierre Louys ; traducido por Emilio Dardon.
260 _aMéxico :
_bThais,
_c1955.
300 _a180 p. ;
_c20 cm.
700 1 _aDardon, Emilio.
_942703
852 4 _aES-MaACL
_jE-10029
999 _c94608
_d94608